| 000 | 01648nam a2200325 a 4500 | ||
|---|---|---|---|
| 001 | 79254 | ||
| 003 | BD-RjUL | ||
| 005 | 20220126102148.0 | ||
| 008 | 180717s1990 le 000 0 ara d | ||
| 035 | _a(BD-RjUL)79254 | ||
| 040 |
_aTAU _beng _cBD-RjUL |
||
| 041 | 0 | _aara | |
| 082 |
_223 _a617.7 _bHAK 1990 |
||
| 090 | _a610.9(56) | ||
| 100 | 1 |
_aالحلبي، خليفة بن أبي المحاسن = Al-Halabi, Khalifah ibn Abi al- Mahasin _d656 ah - 1256 ad _9892 |
|
| 245 | 1 | 2 |
_aالكافي في الكحل = Al - Kafifial - Kuhl _cKhalifah ibn Abi Al - Mahasin al Halabi = تأليف خليفة بن أبي المحاسن الحلبي ; تحقيق محمد ظافر الوفائي، محمد رواس قلعهجي |
| 246 | _aالحلبي، خليفة بن أبي المحاسن = Al-Halabi, Khalifah ibn Abi al- Mahasin / | ||
| 260 |
_aبيروت := _bدار الفكر للطباعة والنشر والتوزيع، _c١٩٩0 م. ١٤١٥ هج. |
||
| 300 |
_a13+794، 11 ص. _c24 cm |
||
| 500 | _aAdditional chapter and introduction in English == باب ومقدمة اضافيان بالانكليزية | ||
| 650 | 4 |
_aEye _xAnatomy _vEarly works to 1800 _9894 |
|
| 650 | 4 |
_aOphthalmology _vEarly works to 1800 _9895 |
|
| 650 | 4 | _aMedicine, Arab | |
| 700 | 1 |
_a Wafai, M. Zafer =الوفائي، محمد ظافر _9899 |
|
| 700 | 1 |
_aKalaji, Muhammad R.= قلعهجى، محمد رواس _9900 |
|
| 830 | 0 | _aسلسلة التراث الطبي الاسلامي من الكحالة | |
| 942 |
_2ddc _cBK |
||
| 990 | _auniversities | ||
| 999 |
_c79254 _d79254 |
||